Statistiques concernant Comment les pays européens ont accédé à l'indépendance

Cliquez ici pour prendre le quiz!

Statistiques générales

  • Ce quiz a été pris 211 fois
    (185 depuis la dernière actualisation)
  • Le résultat moyen est 33 sur 45

Statistiques - réponses

PaysPay/Empire% Correct
SuisseFrance
97%
LituanieUnion soviétique
97%
RussieUnion soviétique
97%
UkraineUnion soviétique
97%
AzerbaïdjanUnion soviétique
97%
BiélorussieUnion soviétique
97%
MoldavieUnion soviétique
97%
GéorgieUnion soviétique
97%
EstonieUnion soviétique
97%
LettonieUnion soviétique
97%
CroatieYougoslavie
96%
SlovénieYougoslavie
96%
Bosnie-HerzégovineYougoslavie
96%
Macédoine du NordYougoslavie
96%
PologneAllemagne | Russie
95%
PortugalEspagne
95%
Pays-BasEspagne
95%
Saint-MarinItalie
94%
VaticanItalie
94%
LiechtensteinAllemagne
93%
LuxembourgAllemagne
93%
DanemarkAllemagne
93%
IrlandeRoyaume-Uni
91%
SlovaquieTchécoslovaquie
86%
République TchèqueTchécoslovaquie
86%
IslandeDanemark
78%
KosovoSerbie
77%
TurquieEmpire ottoman
76%
BulgarieEmpire ottoman
76%
RoumanieEmpire ottoman
76%
AlbanieEmpire ottoman
76%
GrèceEmpire ottoman
76%
FinlandeRussie
76%
HongrieAutriche-Hongrie/ Empire Austro-Hongrois
73%
AutricheAutriche-Hongrie/ Empire Austro-Hongrois
73%
BelgiquePays-Bas
68%
FranceRome/l'empire romain
34%
ChypreEmpire britannique
20%
MalteEmpire britannique
20%
MonténégroSerbie et Monténégro
18%
SerbieSerbie et Monténégro
18%
AndorreAragón
10%
MonacoSardaigne/ Royaume de Sardaigne
10%
NorvègeSuède-Norvège
8%
SuèdeSuède-Norvège
8%

Distribution des résultats

Percentile par nombre de réponses

% des personnes avec chaque résultat

Votre développement - résultats

Vous n’avez pas pris ce quiz depuis la dernière actualisation